|
|
|
|
| LEADER |
03077nam a22003853i 4500 |
| 001 |
EBC30686331 |
| 003 |
MiAaPQ |
| 005 |
20231204023231.0 |
| 006 |
m o d | |
| 007 |
cr cnu|||||||| |
| 008 |
231204s2009 xx o ||||0 eng d |
| 020 |
|
|
|a 9783631753804
|q (electronic bk.)
|
| 020 |
|
|
|z 9783631589137
|
| 035 |
|
|
|a (MiAaPQ)EBC30686331
|
| 035 |
|
|
|a (Au-PeEL)EBL30686331
|
| 035 |
|
|
|a (OCoLC)1397569817
|
| 040 |
|
|
|a MiAaPQ
|b eng
|e rda
|e pn
|c MiAaPQ
|d MiAaPQ
|
| 100 |
1 |
|
|a Gimpl-Heersink, Lisa.
|
| 245 |
1 |
0 |
|a Joint Pricing and Inventory Control under Reference Price Effects.
|
| 250 |
|
|
|a 1st ed.
|
| 264 |
|
1 |
|a Frankfurt a.M. :
|b Peter Lang GmbH, Internationaler Verlag der Wissenschaften,
|c 2009.
|
| 264 |
|
4 |
|c Ã2010.
|
| 300 |
|
|
|a 1 online resource (130 pages)
|
| 336 |
|
|
|a text
|b txt
|2 rdacontent
|
| 337 |
|
|
|a computer
|b c
|2 rdamedia
|
| 338 |
|
|
|a online resource
|b cr
|2 rdacarrier
|
| 490 |
1 |
|
|a Forschungsergebnisse der Wirtschaftsuniversitaet Wien Series ;
|v v.33
|
| 505 |
0 |
|
|a Cover -- 1. Introduction -- 1.1. Problem description -- 1.2. Research intention -- 1.3. Structure of the thesis -- 2. Models in Operations Research Literature -- 2.1. Problem description -- 2.2. One-period models -- 2.2.1. Inventory control -- 2.2.2. Joint pricing and inventory control -- 2.3. Multi-period models -- 2.3.1. Dynamic programing formulation -- 2.3.2. Inventory control -- 2.3.3. Joint pricing and inventory control -- 3. Models in Marketing Literature -- 3.1. Problem description -- 3.2. Model formulation and dynamic program -- 3.3. Results -- 3.3.1. Loss-neutral customer behavior -- 3.3.2. Loss-averse and loss-seeking customer behavior -- 4. Integrated Model with Reference Price Effects -- 4.1. Introduction -- 4.2. Model formulation -- 4.3. Dynamic program -- 5. Analytical Analysis of the Integrated Model -- 5.1. One-period model -- 5.2. Two-period model -- 5.3. Multi-period model -- 6. Simulations and Numerical Investigations -- 6.1. Loss-neutral customer behavior -- 6.1.1. The optimal policy's structure -- 6.1.2. The influence of the demand distribution -- 6.2. Joint versus sequential optimization -- 6.2.1. Classical operations research models -- 6.2.2. Integrated model with reference price effects -- 6.3. Extensions -- 7. Summary, Conclusion and Future Research -- A. Auxiliary Calculations -- Bibliography.
|
| 588 |
|
|
|a Description based on publisher supplied metadata and other sources.
|
| 590 |
|
|
|a Electronic reproduction. Ann Arbor, Michigan : ProQuest Ebook Central, 2023. Available via World Wide Web. Access may be limited to ProQuest Ebook Central affiliated libraries.
|
| 655 |
|
4 |
|a Electronic books.
|
| 776 |
0 |
8 |
|i Print version:
|a Gimpl-Heersink, Lisa
|t Joint Pricing and Inventory Control under Reference Price Effects
|d Frankfurt a.M. : Peter Lang GmbH, Internationaler Verlag der Wissenschaften,c2009
|z 9783631589137
|
| 797 |
2 |
|
|a ProQuest (Firm)
|
| 830 |
|
0 |
|a Forschungsergebnisse der Wirtschaftsuniversitaet Wien Series
|
| 856 |
4 |
0 |
|u https://ebookcentral.proquest.com/lib/matrademy/detail.action?docID=30686331
|z Click to View
|